000 00376cam a2200145ua 4500
020 _a9788123906379
082 _a621.815
_bGRO / MA
100 _a .
_91389
245 _aMaleev & Hartman's Machine Design: In Si Units
250 _a / 4 th Rev & En
260 _aNew Delhi :
_bC B S Publishers ,
_c2004
300 _a706 , 770
700 1 _aGrover, O.P
_91386
942 _cBK
999 _c2468
_d2468